000 00357 a2200157 4500
001 62607
020 _a9788590391968
040 _cAnchieta - Pituba
100 _aJacobina, Henrique Soares
240 1 0 _aDiáhlogos com hagá
_lpor
245 1 0 _aDiáhlogos com hagá
300 _a212
362 0 _a2013
650 4 _aFenômenos paranormais
942 _cBK
999 _c62607
_d62607